| 000 | 00377nam a2200121Ia 4500 | ||
|---|---|---|---|
| 008 | 181023s9999 xx 000 0 und d | ||
| 020 | _a9781138642812 | ||
| 100 | _aWise, Nicholas. | ||
| 245 |
_cEdited by Nicholas Wise, John Harris.-- _aSports, events, tourism and regenaration / |
||
| 260 |
_aNew York : _bRoutlege _c2017 |
||
| 300 | _axi, 203 pages. | ||
| 650 | _aUrban renewal. | ||
| 999 |
_c359364 _d359364 |
||